OMIS-operations management information systems
Αποθηκεύτηκε σε:
| Κύριος συγγραφέας: | |
|---|---|
| Μορφή: | Βιβλίο |
| Γλώσσα: | English |
| Δημοσίευση: |
New York :
John Wiley,
1992.
|
| Θέματα: | |
| Ετικέτες: |
Προσθήκη ετικέτας
Δεν υπάρχουν, Καταχωρήστε ετικέτα πρώτοι!
|
MARC
| LEADER | 00000cam a2200000 i 4500 | ||
|---|---|---|---|
| 001 | 1/35042 | ||
| 008 | 941103s1992 nyu| ||| |||| ||eng|| | ||
| 020 | |a 0471529990 | ||
| 035 | |a 1993 |c ΔΑΡΖΕΝΤΑΣ |l 10039822 | ||
| 040 | |a GR-MyUA |b gre |e AACR2 | ||
| 041 | 0 | |a eng | |
| 082 | 0 | |a 658.4038011 | |
| 100 | 1 | |a Attaran, Mohsen. | |
| 245 | 1 | 0 | |a OMIS-operations management information systems / |c Mohsen Attaran. |
| 246 | 3 | 3 | |a Operations management information systems |
| 260 | |a New York : |b John Wiley, |c 1992. | ||
| 300 | |a 296 σ. ; |c 25 cm. + |e 3 δισκέτες 5 1/4". | ||
| 504 | |a Περιέχει ευρετήριο. | ||
| 650 | 0 | 0 | |a Management information systems. |
| 852 | |a INST |b SAMOS |e 19941103 |h 658.4038011 ATT |p 005300003177 |q 005300003177 |t BK |y 0 | ||
| 852 | |a INST |b SAMOS |e 19981120 |h 658.4038011 ATT |p 005300013792 |q 005300013792 |t BK |y 0 | ||
| 852 | |a INST |b SAMOS |e 19981120 |h 658.4038011 ATT |p 005300013793 |q 005300013793 |t BK |y 0 | ||
| 852 | |a INST |b SAMOS |e 19981120 |h 658.4038011 ATT |p 005300013794 |q 005300013794 |t BK |y 0 | ||
| 909 | |a Σ |b 024445 | ||
| 909 | |a Σ |b 024446 | ||
| 909 | |a Σ |b 024447 | ||
| 909 | |a Σ |b 024448 | ||